000
00268nam a2200109Ia 4500
008
190216s9999||||xx |||||||||||||| ||und||
100
_a
Khramkina M N
245
0
_a
Laboratory Manual For Organic Sythesis
260
_b
Mir Pubs Moscow
650
_a
Chemistry
942
_c
BK
999
_c
2099
_d
2099